000 00580cam a2200145 4500500
005 20260208002441.0
041 _afre
042 _adc
100 1 0 _aMasset, Claude
_eauthor
245 0 0 _aPierre Bonte, L’Émirat de l’Adrar mauritanien. Harîm, compétition et protection dans une société tribale saharienne, Paris, Karthala, 2008, 576 p., bibl., gloss.
260 _c2011.
500 _a38
786 0 _nL'Homme | 198-199 | 2 | 2011-07-01 | p. 439z-443z | 0439-4216
856 4 1 _uhttps://shs.cairn.info/revue-l-homme-2011-2-page-439z?lang=fr&redirect-ssocas=7080
999 _c1646421
_d1646421